Normal view
MARC view
- Muhammad Tahir (00000276956)
Entry Personal Name
001 - CONTROL NUMBER
- control field: 116692
003 - CONTROL NUMBER IDENTIFIER
- control field: NUST
005 - DATE AND TIME OF LATEST TRANSACTION
- control field: 20230912170025.0
008 - FIXED-LENGTH DATA ELEMENTS
- fixed length control field: 230912|| aca||aabn | a|a d
040 ## - CATALOGING SOURCE
- Original cataloging agency: NUST
- Transcribing agency: NUST
100 ## - HEADING--PERSONAL NAME
- Personal name: Muhammad Tahir (00000276956)
670 ## - SOURCE DATA FOUND
- Source citation: Work cat.: (NUST): Muhammad Tahir (00000276956), Study on properties of Praseodymium doped NiOx thin film as hole transport layer for perovskite solar cell /, 2022
